01364nam a2200265 a 4500001001000000005001700010008004100027041000800068044000700076084002200083245005900105260001700164300002700181500004600208500034100254500004800595500003400643500002900677500006900706506009300775546005400868600005300922650008000975651004301055BRCA_496020190320204859.0221010s1700----sp-######v---#000-0#spa-# aspa amx aDOC61b.D63c170010aDocumento firmado por el Rey [Carlos II]c[Carlos II]. aMadridc1700 a[7] fojasc30 x 21 cm. aDocumento firmado el 11 de abril de 1700. aDocumento firmado por el Rey [Carlos II] en donde da instrucciones al Obispo de México para la exacción del subsidio de un millón de ducados de plata, que su Santidad Monseñor Aperregui concede para ser aplicados en los gastos de la guerra contra los infieles y herejes escoses que han intentado poblar el Darién (Panamá). a[Real Cèdula] firmada como ´Yo el Rey´. aContiene la leyenda DOC. #71. aPapel con marca de agua. aEstado de conservación: contiene pequeñas manchas de acidez.0 aFondo Reservado. Para su consulta es necesario credencial de usuario y carta de motivos. aTexto en: español de principos del siglo XVIII.14aCarlosbIIcRey de Españad1661-1700xHistoria14aDocumentos legalesvImpresoxHistoriayCasa de Austria, 1516-1700zEspaña 4aMéxicoxHistoriayColonia, 1521-1821